00542nam a2200157Ia 4500008004100000020001500041041001200056082001600068100001500084245005200099260002500151650001500176942000700191999001300198952017300211221030s9999 xx 000 0 und d a0070447608 aEnglish a105.23bJai aP. L. Jain 0aPrinciples of Foundry Technologycby P. L. Jain bTMHaNew Delhic2006 aMechanical cBK c925d925 pBE 8408g235.00l0o105.23 Jair2024-06-13 00:00:00w2022-10-30yBK003Print4070aMIETLIBbMIETLIBcBL-Academic Block - A, FL-1, CUP-52, SH-4, R-4d2006-11-0310HBE